000 00211nam a22000857a 4500
008 170527b xxu||||| |||| 00| 0 eng d
100 _93164
_aGupta.R.G.etal.
245 _aMathematics-3
260 _aNew Delhi
_bAPC
_c2009
999 _c6467
_d6467